| 000 | 00799cam a22002055a 4500 | ||
|---|---|---|---|
| 001 | L140550 | ||
| 008 | 070927s1907 xxk eng u | ||
| 035 | _a(Sirsi) u140550 | ||
| 041 | 0 | _aeng | |
| 110 | 2 | _aChancellor and Sons | |
| 245 | 0 | 0 | _aRichmond Hill...particulars and conditions of sale of the greatly celebrated and important freehold property known as the Star and Garter Hotel...at The Mart, Tokenhouse Yard, E.C. on Tuesday 25 June 1907... |
| 250 | _a2nd ed. | ||
| 260 |
_aLondon _bChancellor and Sons _c1907 |
||
| 300 |
_a6 leaves _bill., map, col. _c41 cm. |
||
| 351 | _cSingle item | ||
| 500 | _aIncludes a fold-out colour site map and photographs. | ||
| 651 | 4 | _aSurrey | |
| 690 | _aPROPERTY-PROPERTY ACQUISITION AND DISPOSAL-ACQUISITION AND DISPOSAL AT AUCTION | ||
| 942 | _n0 | ||
| 999 |
_c116349 _d116349 |
||